LDR 01134naa#a2200205#i#450# 001 RU\\bibl\121312 005 20260514071640.4 011 ## _a1994-4683 100 ## _a20230803b2023####ek#y0rusy0150####ca 102 ## _aRU 200 1# _aРЕАЛИЗАЦИЯ ПРИНЦИПА ПРИОРИТЕТНОЙ РОЛИ МИКРОСОЦИУМА В ОРГАНИЗАЦИИ РЕГУЛЯРНОЙ ФИЗИЧЕСКОЙ АКТИВНОСТИ РЕБЕНКА С МЕНТАЛЬНЫМИ НАРУШЕНИЯМИ _eЖурнальная статья 210 1# _aМосква _cНациональный государственный Университет физической культуры, спорта и здоровья им. П.Ф. Лесгафта _d2023 215 ## _a4 с. 608 ## _aЖурнальная статья _2local 675 ## _aФилософские и научно-теоретические основы физической культуры и спорта. 796.011 _z 700 #1 _aОринчук _gВ А 700 #1 _aОринчук _gА В 700 #1 _aКурникова _gМ В 700 #1 _aЕлышева _gЕ А 856 4# _auchzapiski.lesgaft.spb.ru _u